000 00604nam a2200229Ia 4500
003 LK-CoDNM
005 20240212102754.0
008 010623t1946 xxu||||| |||| 00| 1 sin d
040 _aLK-CoDNM
_dLK-CoDNM
_eLK-CoDNM
041 _asin
080 _a104
_bR 21
100 _aPavarakitti thero,Thellabure
245 _aසාහිත්‍යොදය
246 _aSahithyodaya
260 _bSamasta Lanka Sahitya Sangamaya
_aColombo
_c1946
300 _b14p., 25 cm
650 _aIndia
650 _aLiterature
650 _aMaterialism
700 _aSumanasiri,Valgama
_eed.
942 _cBK
999 _c100976
_d100976